[Event "ROM-ch"]
[Site "Eforie Nord"]
[Date "2024.02.28"]
[Round "6"]
[White "Daianu, Cristian Clement"]
[Black "Buzbuchi, Ionut"]
[Result "1-0"]
[WhiteElo "2201"]
[BlackElo "2041"]
[PlyCount "61"]
[EventDate "2024.02.24"]
[EventType "swiss"]
[EventRounds "9"]
[EventCountry "ROU"]
[SourceTitle "CB10_2024"]
[SourceDate "2024.03.06"]
[SourceVersion "1"]
[SourceVersionDate "2024.03.06"]
[SourceQuality "1"]

1. e4 c5 2. Nf3 Nc6 3. d4 cxd4 4. Nxd4 Nf6 5. Nc3 g6 6. Be3 Bg7 7. Bc4 0-0 8. Bb3 Ng4 9. Qxg4 Nxd4 10. Qh4 d6 11. 0-0 Nxb3 12. axb3 Be6 13. Bh6 a6 14. f4 Bxh6 15. Qxh6 f5 16. Rae1 Rc8 17. h4 Rf7 18. g4 Bd7 19. exf5 gxf5 20. g5 Qb6+ 21. Kh2 Qd4 22. Rd1 Qb4 23. Rf2 Rxc3 24. bxc3 Qxc3 25. g6 hxg6 26. Rg1 Rg7 27. Rxg6 Rxg6 28. Qxg6+ Kf8 29. Rg2 Qh8 30. h5 e6 31. h6 1-0

[Event "Cap Aurora FISCA"]
[Site "Cap Aurora"]
[Date "2022.06.29"]
[Round "9"]
[White "Buzbuchi, Ionut"]
[Black "Manolache, Marius"]
[Result "0-1"]
[WhiteElo "2301"]
[BlackElo "2472"]
[PlyCount "64"]
[EventDate "2022.06.22"]
[EventType "tourn"]
[EventRounds "9"]
[EventCountry "ROU"]
[EventCategory "2"]
[SourceTitle "CBM 209 Extra"]
[Source "ChessBase"]
[SourceDate "2022.09.30"]
[SourceVersion "1"]
[SourceVersionDate "2022.09.30"]
[SourceQuality "1"]

1. e4 d6 2. d4 Nf6 3. Nc3 g6 4. f4 Bg7 5. Nf3 0-0 6. Bd3 c5 7. dxc5 dxc5 8. e5 Nd5 9. Nxd5 Qxd5 10. Qe2 Qc6 11. 0-0 Be6 12. Be4 Bd5 13. Bxd5 Qxd5 14. Rd1 Qc6 15. Be3 Na6 16. Qc4 Rac8 17. c3 Bh6 18. a4 Rfd8 19. Kf2 Kf8 20. Ke2 Rxd1 21. Rxd1 Nc7 22. Qxc5 Qxa4 23. Qxa7 Qb5+ 24. c4 Qxc4+ 25. Kf2 Qb3 26. Rd2 Nd5 27. Qd4 e6 28. g3 Kg8 29. Qd3 Qa4 30. b3 Qa1 31. Rc2 Rxc2+ 32. Qxc2 Qf1+ 0-1

[Event "Wch Seniors 50 29th"]
[Site "Bucharest"]
[Date "2019.11.12"]
[Round "1"]
[White "Buzbuchi, Ionut"]
[Black "Koch, Alain1111"]
[Result "1-0"]
[WhiteElo "2315"]
[BlackElo "1930"]
[PlyCount "77"]
[EventDate "2019.11.12"]
[EventType "swiss"]
[EventRounds "11"]
[EventCountry "ROU"]
[SourceTitle "CBM 193 Extra"]
[Source "ChessBase"]
[SourceDate "2020.01.31"]
[SourceVersion "1"]
[SourceVersionDate "2020.01.31"]
[SourceQuality "1"]

1. Nf3 Nc6 2. g3 g6 3. Bg2 Bg7 4. d4 d5 5. 0-0 e6 6. Bf4 Nge7 7. Nc3 a6 8. e4 0-0 9. e5 b6 10. Qd2 Na7 11. Ne2 Bb7 12. h4 c5 13. c3 cxd4 14. cxd4 Rc8 15. Rac1 Qd7 16. Bh6 Nec6 17. Bxg7 Kxg7 18. h5 h6 19. hxg6 fxg6 20. Nf4 Qf7 21. Bh3 Nd8 22. Bg4 Nac6 23. Nh4 Ne7 24. Rxc8 Bxc8 25. Rc1 g5 26. Bh5 Qg8 27. Nfg6 Nec6 28. Nxf8 gxh4 29. Ng6 hxg3 30. fxg3 Bd7 31. Rf1 Nf7 32. Qf4 Ncd8 33. Ne7 Qe8 34. Qf6+ Kf8 35. Ng6+ Kg8 36. Nf4 Qf8 37. Bxf7+ Nxf7 38. Nh5 Be8 39. Qxe6 1-0

[Event "Midwest Masters"]
[Site "Chicago"]
[Date "1985.??.??"]
[Round "4"]
[White "Buzbuchi, Ionut"]
[Black "Ivanov, Igor Vasilievich"]
[Result "0-1"]
[WhiteElo "2340"]
[BlackElo "2465"]
[PlyCount "94"]
[EventDate "1985.??.??"]
[EventType "swiss"]
[EventRounds "5"]
[EventCountry "USA"]
[SourceTitle "MCD"]
[Source "ChessBase"]
[SourceDate "1999.07.01"]
[SourceVersion "1"]
[SourceVersionDate "1999.07.01"]
[SourceQuality "1"]

1. e4 c5 2. Nf3 d6 3. d4 cxd4 4. Nxd4 Nf6 5. Nc3 Nc6 6. Bg5 e6 7. Qd2 a6 8. 0-0-0 h6 9. Be3 Nxd4 10. Bxd4 b5 11. f3 Be7 12. Bd3 e5 13. Be3 Be6 14. Kb1 Rb8 15. Be2 b4 16. Nd5 Bxd5 17. exd5 a5 18. Rhe1 0-0 19. h4 Nd7 20. Rh1 f5 21. g4 f4 22. Bf2 e4 23. fxe4 f3 24. Bd3 Ne5 25. Rdg1 Qe8 26. Bd4 Bd8 27. Qe3 b3 28. cxb3 a4 29. Bc2 axb3 30. Bxb3 f2 31. Rf1 Nxg4 32. Qe2 Rf4 33. Bc2 Bf6 34. Bxf6 gxf6 35. Rh3 Qe5 36. Bd3 Rb4 37. Qc2 h5 38. a3 Rb8 39. Rg3 Kf8 40. Rh3 f5 41. exf5 Ne3 42. Rxe3 Qxe3 43. Qc3 Rd4 44. Kc2 Rxd3 45. Qf6+ Ke8 46. Qg6+ Kd7 47. Qe6+ Kc7 0-1